| 000 -LEADER |
| fixed length control field |
00667nam a22001697a 4500 |
| 005 - DATE AND TIME OF LATEST TRANSACTION |
| control field |
20230928103123.0 |
| 008 - FIXED-LENGTH DATA ELEMENTS--GENERAL INFORMATION |
| fixed length control field |
230928s1978 gw ||||| |||| 00| 0 ger d |
| 041 ## - LANGUAGE CODE |
| Language code of text/sound track or separate title |
ger |
| 080 ## - UNIVERSAL DECIMAL CLASSIFICATION NUMBER |
| Universal Decimal Classification number |
069 K-21 |
| 100 ## - MAIN ENTRY--PERSONAL NAME |
| Personal name |
Karageorghis, Vassos |
| 9 (RLIN) |
19708 |
| 245 ## - TITLE STATEMENT |
| Title |
Die Griechischen Museen : |
| Remainder of title |
Zypern Museum und archäologische Stätten auf Zypern |
| Statement of responsibility, etc. |
Vassos Karageorghis. |
| 264 ## - PRODUCTION, PUBLICATION, DISTRIBUTION, MANUFACTURE, AND COPYRIGHT NOTICE |
| Place of production, publication, distribution, manufacture |
Athen, |
| Date of production, publication, distribution, manufacture, or copyright notice |
1978. |
| 300 ## - PHYSICAL DESCRIPTION |
| Extent |
56 p.: |
| Other physical details |
ill.; |
| Dimensions |
32 cm. |
| 653 ## - INDEX TERM--UNCONTROLLED |
| keyword |
ბერძნული მუზეუმები |
| 653 ## - INDEX TERM--UNCONTROLLED |
| keyword |
კვიპროსის მუზეუმი და არქეოლოგიური ძეგლები კვიპროსში |
| 942 ## - ADDED ENTRY ELEMENTS (KOHA) |
| Source of classification or shelving scheme |
|
| Koha item type |
წიგნი |